01690nam a2200397 a 4500001001000000003000500010005001700015008004100032010001100073011001100084040000900095090001000104100004400114245014800158260004100306500006000347502009800407590004100505590004100546590004100587590003700628590004000665590004000705590004000745650003400785650004200819650002800861856001600889856007000905901000700975942001000982942000600992999001900998952013501017952014001152000108509CHAP20220329144015.0140219s2012 mx a sm |||||||spa d a104971 a105943 cCHAP aTesis1 aCarrasco Hernández, Guadalupe912551610aEl beneficiado húmedo y denominación de origen del "café pluma" en el estado de Oaxacah[En línea]cpor Guadalupe Carrasco Hernández. aChapingo, Méx. :bEl autor,c2012. aPara ver el contenido del material haga clic en la liga aTesis (Ing. Agr. Esp. en Zonas Tropicales) -- UACH. Unidad Regional Universitaria Sur-Sureste aBATCH-UPDb05c20140219lUCH01h1336 aBATCH-UPDb05c20140324lUCH01h1535 aBATCH-UPDb05c20141002lUCH01h0856 aBATCHb00c20181121lUCH01h0759 aE5765TAJb05c20140219lUCH01h1336 aE5765TAJb05c20140219lUCH01h1352 aE5765TAJb05c20140221lUCH01h093014aCafé plumazOaxaca.912551914aCaféxAspectos económicos.91709014aCaféxCalidad.917114 a1 n0001304 aFinding aiduhttp://10.13.5.2/tesis/sist108509.pdfzTeclea aquí aBK cTESIS n0 c104971d104971 00102local4051708TESISaBCbBCcPA_TESISd2014-02-19fTESISl0oTesisp33724002356850r2019-12-31 00:00:00w2014-02-19yTESIS 00102local4053708TESISaBCbBCcPA_TESISd2014-02-19fTESISl0oTesisp33724002356892r2019-12-31 00:00:00tc.2w2019-12-31yTESIS